[Event "Dos Hermanas Internet qual-A 10th"]
[Site "ICC INT"]
[Date "2009.03.13"]
[Round "4"]
[White "Zinchenko, Yaroslav"]
[Black "Prasanna, RS."]
[Result "1-0"]
[WhiteElo "2527"]
[BlackElo "2178"]
[PlyCount "69"]
[EventDate "2009.03.13"]
[EventType "swiss (blitz)"]
[EventRounds "12"]
[EventCountry "ESP"]
[SourceTitle "CBM 129 Extra"]
[Source "ChessBase"]
[SourceDate "2009.05.05"]
[SourceVersion "2"]
[SourceVersionDate "2009.05.20"]
[SourceQuality "1"]

1. e4 e6 2. d4 d5 3. Nd2 c5 4. Ngf3 Nc6 5. exd5 exd5 6. Bb5 Bd6 7. dxc5 Bxc5 8. 0-0 Nge7 9. Nb3 Bd6 10. Re1 0-0 11. Bd3 f6 12. h3 Ne5 13. Bf1 Be6 14. Nfd4 Bf7 15. c3 a6 16. f4 N5c6 17. Ne6 Bxe6 18. Rxe6 Qd7 19. Re1 Nf5 20. Bd3 Rfe8 21. Rxe8+ Rxe8 22. Bd2 Ne3 23. Qf3 Nc4 24. Qxd5+ Kh8 25. Bxc4 Qc7 26. Re1 Rd8 27. Qf3 a5 28. a4 Ne7 29. Bb5 Ng6 30. g3 h6 31. Nd4 Bc5 32. Be3 Ne7 33. Ne6 Bxe3+ 34. Qxe3 Qd6 35. Nxd8 1-0